00326nam a22001457a 4500003000400000005001700004008004100021020001800062040000700080082001300087100001500100245003100115260002600146300000800172OSt20211209085401.0211209b |||||||| |||| 00| 0 eng d a9788130911984 chu a373,1102 aravi meera ateaching through the heart anew delhibhallc2009 a120